| 000 | 02637nam a2200361 a 4500 | ||
|---|---|---|---|
| 001 | dia_842 | ||
| 003 | CHAP | ||
| 005 | 20260216124804.0 | ||
| 007 | ta | ||
| 008 | 220117s2025 sp abcogs 001 0 spa d | ||
| 010 | _a171391 | ||
| 020 | _a979-13-87556-25-9 | ||
| 040 |
_cCHAP _amxchpua _erda |
||
| 050 | 1 | _b.O78 C54 2025 | |
| 082 |
_220 _a808.849356 _bO78 C54 2025 |
||
| 100 | 1 |
_aOrtega, Mireia _9191609 |
|
| 245 | 1 | 3 |
_aLa ciencia y el azar : _bla historia de los descubrimientos casuales que cambiaron el mundo / _cMireia Ortega |
| 250 | _a1a edición | ||
| 300 |
_a210 páginas : _bilustraciones, mapas, fotos |
||
| 504 | _aBibliografía: páginas 198-209 | ||
| 520 | 2 | _a¿Qué tienen en común el descubrimiento de la penicilina, los rayos X y el velcro? Todos ellos son fruto del azar, de ese momento mágico en que un científico se encuentra inesperadamente con algo completamente diferente de lo que buscaba inicialmente. La nueva obra de la divulgadora Mireia Ortega nos sumerge en un fascinante recorrido por algunos de los descubrimientos más importantes de la historia de la ciencia que surgieron por pura casualidad. Desde 1669 con el descubrimiento del fósforo blanco hasta finales 1998 con el desarrollo inesperado de la viagra, el libro nos muestra cómo la serendipia juega un papel fundamental en el progreso científico. A través de catorce capítulos que recorren más de tres siglos de historia, La ciencia y el azar desmitifica la idea de que los grandes descubrimientos son resultado únicamente de una planificación meticulosa. Cada capítulo nos revela cómo las coincidencias combinadas con la preparación y el ojo crítico y perspicaz de los investigadores pueden transformar un simple accidente en un avance revolucionario. Se trata de un homenaje a la curiosidad, la observación y ese punto de suerte que a veces marca la diferencia entre un experimento rutinario y un hallazgo que altera el transcurso de la historia. Un libro imprescindible para los amantes de la ciencia, que nos recuerda que a veces la verdadera innovación surge cuando menos lo esperamos. | |
| 650 | 1 | 0 |
_aEnsayo _xatg _9153131 |
| 650 | 1 | 0 |
_aLiteratura española _xSiglo XXI _9160139 _2atg |
| 650 | 1 | 0 |
_aCiencia _2atg _xCasualidad _923107 |
| 650 | 1 | 0 |
_aEssay _2atg _9153132 |
| 650 | 1 | 0 |
_aSpanish literature _y21st century _2atg _9160141 |
| 650 | 1 | 0 |
_aScience _2atg _xChance _9191611 |
| 856 | 4 | 1 |
_yLIBRO EN PDF _uhttp://10.13.5.2/libros/ISBN_979-13-87556-25-9.pdf |
| 901 | _a808.849356 O54 C54 2025 | ||
| 902 | _aM | ||
| 905 | _a0000001982 mx 0000000000spa00 | ||
| 942 |
_cE-LIBRO _2ddc |
||
| 999 |
_c171391 _d171391 |
||